• 首页
  • 本馆介绍
  • 公告通知
  • 最新文献
  • 馆藏检索
  • 电子资源
  • 读者导购
  • 参考咨询
  • 我的图书馆
  • 登录
  • 详细信息显示
  • 放入我的书架
  • 预约/预借图书
  • 作者相关作品
  • 分类相关作品
  • 丛书相关作品
  • 出版社相关作品

书目信息

  • 表格格式
  • 工作单格式
  • 卡片格式
题名:
樊登讲论语
    
 
作者: 樊登 著
分册:  
出版信息: 北京   北京联合出版公司  2021.09
页数: 523页
开本: 24cm
丛书名:
单 册:
中图分类: B222.22
科图分类:
主题词: 儒家--ru jia
电子资源:
ISBN: 978-7-5596-4629-3
000 00954nam0 2200265 450
001 CAL 004189621
005 20230308163020.86
010    @a978-7-5596-4629-3@b精装@dCNY98.00
100    @a20211018d2021 em y0chiy0120 ea
101 0  @achi
102    @aCN@b110000
105    @ay z 000yy
106    @ar
200 1  @a樊登讲论语@Afan deng jiang lun yu@e学而@f樊登著
210    @a北京@c北京联合出版公司@d2021.09
215    @a523页@d24cm
314    @a樊登, “樊登读书”创始人。西安交通大学本硕、北京师范大学博士。
330    @a本书解读了《论语》的上半部 ; 《樊登讲论语: 先进》解读了《论语》下半部。《论语》是对樊登人生影响Z大的一本书, 他捧着《论语》反反复复地研读了20年。樊登发现, 《论语》几乎能够解决我们生活中的一切烦恼。
517 1  @a学而@Axue er
605    @a论语@Alun yu@j通俗读物
606 0  @a儒家@Aru jia
690    @aB222.22@v5
701  0 @a樊登@Afan deng@4著
801  0 @aCN@bBJXHXP@c20230308
905    @b1392876-9@dB222.22@e1085:1@f4
    
    樊登讲论语:学而/樊登著.-北京:北京联合出版公司,2021.09
    523页;24cm
    
    
    ISBN 978-7-5596-4629-3(精装):CNY98.00
    本书解读了《论语》的上半部 ; 《樊登讲论语: 先进》解读了《论语》下半部。《论语》是对樊登人生影响Z大的一本书, 他捧着《论语》反反复复地研读了20年。樊登发现, 《论语》几乎能够解决我们生活中的一切烦恼。
●
相关链接 在E读中查询图书 在五车中查询图书 在当当中查询图书 在豆瓣中查询图书


正题名:樊登讲论语     索取号:B222.22/1085:1         预约/预借

序号 登录号 条形码 馆藏地/架位号 状态 备注
1 1392876   213928767   第一样本阅览室/ [索取号:B222.22/1085:1] 在馆    
2 1392877   213928776   第一借阅区/ [索取号:B222.22/1085:1] 在馆    
3 1392878   213928785   第一借阅区/ [索取号:B222.22/1085:1] 在馆    
4 1392879   213928794   第一借阅区/ [索取号:B222.22/1085:1] 在馆    
唐山师范学院图书馆 欢迎您!
大连网信软件有限公司© 版权所有